01285nam a22002297a 450000500170000000800410001702000150005804000070007304100080008008200220008810000170011024500820012726000310020930000280024036500420026852006360031065000240094665000250097065000200099565000210101570000190103620230612100445.0230612b ||||| |||| 00| 0 eng d a8176351962 cAL aeng 223a005.268bROBS aLyn Robinson aSams Teach Yourself Database Programming with Visual C++ 6 in twenty one Days aNew DelhibTechmediac1999 axvi,570p.bPBc23x18cm. 2Computer Scienceb270.00c₹d270.00 aIn only 21 days, you'll have all the skills you need to get up and running efficiently. With this complete tutorial, you'll master the basics of database programming and then move on to the more advanced features and concepts. Understand the fundamentals of database programming in Visual C++. Master all the new and advanced database features that Visual C++6 offers. Learn how to effectively use the latest tools and features of Visual C++ for database programming by following practical, real-world examples. Get expert tips from a leading authority for programming your databases with Visual C++ 6 in the corporate environment. aDatabase Technology aDatabase Development aDatabase Design aDatabase Servers aROBINSON (Lyn)